000 00808nam a22003137a 4500
001 BR2018000574
003 BR-BrBNA
005 20230928105232.0
007 ta
008 230509b bl.||||| |||| 00| 0 por d
040 _aBR-BrBNA
_bpor
_cBiblioteca Nacional de Agricultura
041 _a(Por)
072 _aQ02
_b2110
090 _ 2110 BR2018000574
100 1 _aFerreira, A.C.R.
100 1 _aAhnert, D.
100 1 _aMelo Neto, B.A. de
100 1 _aMello, D.L.N.
245 1 _aGuia de beneficiamento de cacau de qualidade
260 3 _aIlhéus, BA (Brasil):
_c0132.
300 _a50 p.
500 _a8 ref.; 34 illus.
650 _aCACAU
650 _aBENEFICIAMENTO
650 _aQUALIDADE
650 _aPRÁTICA CULTURAL
909 _a202309
_bLucia
_c55
_dLucia Elande
942 _cBK
999 _c84202
_d84202